[Event "Suedwestfalen-ch U16"]
[Site "Meinerzhagen"]
[Date "2004.04.07"]
[Round "7"]
[White "Baran, Daniel"]
[Black "Trippe, Robin"]
[Result "1/2-1/2"]
[WhiteElo "1472"]
[BlackElo "1460"]
[PlyCount "69"]
[EventDate "2004.04.03"]
[EventType "tourn"]
[EventRounds "7"]
[EventCountry "GER"]
[SourceTitle "EXT 2006"]
[Source "ChessBase"]
[SourceDate "2005.11.24"]
[SourceVersion "1"]
[SourceVersionDate "2005.11.24"]
[SourceQuality "1"]

1. e4 c5 2. Nf3 Nc6 3. d4 cxd4 4. Nxd4 Nf6 5. Nc3 e5 6. Nf3 Bb4 7. Bg5 h6 8. Bxf6 Qxf6 9. Be2 Bxc3+ 10. bxc3 0-0 11. 0-0 Qe7 12. Bc4 Kh8 13. Bd5 d6 14. Re1 f5 15. Re2 f4 16. Rd2 Rd8 17. Rb1 g5 18. c4 g4 19. Ne1 h5 20. Bxc6 bxc6 21. c5 Be6 22. cxd6 Qf7 23. a3 Bc4 24. c3 Rd7 25. Rdb2 Qg6 26. Rb8+ Rxb8 27. Rxb8+ Kh7 28. Qb1 Qxd6 29. Rb7 Kg6 30. Rxd7 Qxd7 31. Qb8 Bb5 32. Qxe5 Qd1 33. Qe6+ Kg7 34. Qe7+ Kg8 35. Qe8+ 1/2-1/2